| 000 | 00914cam a2200301 a 4500 | ||
|---|---|---|---|
| 942 | _cBK | ||
| 999 |
_c714 _d714 |
||
| 001 | 14920361 | ||
| 003 | OSt | ||
| 005 | 20250420134822.0 | ||
| 008 | 070709s2006 sw a b 001 0 eng d | ||
| 010 | _a 2007440103 | ||
| 020 | _a9788763001885 | ||
| 035 | _a(OCoLC)ocm85843058 | ||
| 040 |
_aOHX _cKCST |
||
| 050 | 0 | 0 |
_aHD58.8 _b.S668 2006 |
| 082 |
_a658.406 _bSp |
||
| 245 | 0 | 4 |
_aThe speed of organization / _cedited by Peter Case, Simon Lilley and Tom Owen [sic]. |
| 260 |
_aMalmö : _bLiber ; _cc2006. |
||
| 300 |
_a230 p. : _bill. ; _c25 cm. |
||
| 440 | 0 |
_aAdvances in organization studies, _x1566-1075 ; _vv. 19. _95405 |
|
| 504 | _aIncludes bibliographical references and index. | ||
| 650 | 0 |
_aOrganizational change. _95406 |
|
| 650 | 0 |
_aCorporate culture. _91278 |
|
| 700 | 1 |
_aCase, Peter, _d1959- _95407 |
|
| 700 | 1 |
_aLilley, Simon. _95408 |
|
| 700 | 1 |
_aOwens, Tom. _95409 |
|
| 942 | _2ddc | ||